American Versions of 'British' Words - Statistics

General Stats
  • This quiz has been taken 2,395 times
  • The average score is 12 of 18
Answer Stats
British English American English % Correct
Football Soccer
99%
Crisps Chips
97%
Lift Elevator
94%
Flat Apartment
92%
Holiday Vacation
92%
Pavement Sidewalk
82%
Postbox Mailbox
76%
Trainers Sneakers
74%
Jumper Sweater
68%
Boot Trunk
66%
Skipping Rope Jump Rope
62%
Full Stop Period
60%
Bonnet Hood
59%
Fringe Bangs
44%
Dummy Pacifier
31%
Indicator Turn Signal
26%
Braces Suspenders
24%
Drawing Pin Thumbtack
15%
No matching quizzes found
Score Distribution
Percent of People with Each Score
Percentile by Number Answered
Your Score History
You have not taken this quiz